| 000 | 00613nam a2200205 u 4500 | ||
|---|---|---|---|
| 005 | 20230315063736.0 | ||
| 008 | 160726s2009 ea r 000 0 spa d | ||
| 020 | _a9781432935054 | ||
| 035 | _aUPN01000211925 | ||
| 049 | _aI | ||
| 050 | 4 |
_aQB631.4 _bG8.7 |
|
| 100 | 1 |
_aGuillain, Charlotte _938895 |
|
| 245 | 1 | 3 |
_aLa tierra / _cCharlotte Guillain. |
| 260 |
_aChicago, Ill. : _bHeinemann Library, _c2009. |
||
| 300 |
_a24 p. : _bil. col. |
||
| 440 | 3 |
_aEl espacio. _pBellota |
|
| 650 | 4 |
_aTierra (Planeta) _vLiteratura infantil _911234 |
|
| 650 | 4 |
_aSISTEMA SOLAR - _vLITERATURA INFANTIL _920202 |
|
| 905 | _aLibro | ||
| 999 |
_c184026 _d184026 |
||